logo

Bir Sreshtho Munshi Abdur Rouf Library
Jhenaidah Cadet College

Curriculum principles & social trends. (Record no. 7895)

MARC details
000 -LEADER
fixed length control field 00759cam a22002771 4500
001 - CONTROL NUMBER
JCCL Control Number 7895
003 - CONTROL NUMBER IDENTIFIER
JCCL marc code BD-JhCC
005 - DATE AND TIME OF LATEST TRANSACTION
control field 20190504091514.0
008 - FIXED-LENGTH DATA ELEMENTS--GENERAL INFORMATION
fixed length control field 780807s1950 nyu 000 0 eng
035 ## - SYSTEM CONTROL NUMBER
system control number (BD-JhCC)7895
035 ## - SYSTEM CONTROL NUMBER
system control number (OCoLC)4115147
040 ## - CATALOGING SOURCE
Original cataloging agency DLC
Transcribing agency IDeKN
Modifying agency DLC
-- BD-JhCC
041 ## - LANGUAGE CODE
Language code of Book eng
050 00 - LIBRARY OF CONGRESS CALL NUMBER
Classification number LB1570
Item number .G9 1950
082 ## - DEWEY DECIMAL CLASSIFICATION NUMBER
Author mark and Year GWY 1950
Classification number 375
100 1# - MAIN ENTRY--PERSONAL NAME
Personal name Gwynn, J. Minor
Fuller form of name (John Minor),
Dates associated with a name 1897-1971.
245 10 - TITLE STATEMENT
Title Curriculum principles & social trends.
250 ## - EDITION STATEMENT
Edition statement Rev. ed.
260 ## - PUBLICATION, DISTRIBUTION, ETC. (IMPRINT)
Place of publication, distribution, etc New York,
Name of publisher, distributor, etc Macmillan,
Date of publication, distribution, etc 1950.
300 ## - PHYSICAL DESCRIPTION
Pagination xxii, 768 p.
Other physical details illus.
Dimensions 22 cm.
500 ## - GENERAL NOTE
General note Includes bibliographies.
650 #0 - SUBJECT ADDED ENTRY--TOPICAL TERM
Topical term or geographic name as entry element Education
General subdivision Curricula.
650 #0 - SUBJECT ADDED ENTRY--TOPICAL TERM
Topical term or geographic name as entry element Education
General subdivision Aims and objectives.
942 ## - ADDED ENTRY ELEMENTS (KOHA)
Source of classification or shelving scheme Dewey Decimal Classification
Koha item type Books
Holdings
Source of classification or shelving scheme Damaged status Not for loan Home library Current library Shelving location Total Checkouts Full call number Barcode Date last seen Copy number Koha item type
Dewey Decimal Classification     JCC Rouf Library JCC Rouf Library General Stacks   375 GWY 1950 1022 02/15/2018 C - 1 Books

JCC Library | Contacts | JCC Home

Last Update on 23 September 2017
Copyright @ 2017-2020 JCC Rouf Library
Rouf Library, Jhenidah Cadet College (JCC), Bangladesh